| 000 | 01210nam a22002297a 4500 | ||
|---|---|---|---|
| 999 |
_c59861 _d59861 |
||
| 003 | Ge_BSU | ||
| 005 | 20230501163727.0 | ||
| 008 | 230501s2002 ge ||||| |||| 00| 0 geo d | ||
| 020 | _a15120716 | ||
| 041 | _ageo | ||
| 080 | _a069.02(479.223) ბ-17 | ||
| 245 |
_aბათუმის არქეოლოგიური მუზეუმი : _bშრომები=Труды=The Works. ტ.2 / _cმთავარი რედ. ამირან კახიძე; რედ. მ. ვიკერსი, მ. ხალვაში, თ. ლომთათიძე და სხვ. |
||
| 264 |
_aბათუმი, _c2002. |
||
| 300 |
_a107 გვ. : _bილ.; _c29 სმ. |
||
| 504 | _aბიბლიოგრ. თავების ბოლოს | ||
| 653 | _a არქეოლოგია | ||
| 700 |
_aკახიძე, ამირან _eმთავარი რედაქტორი _917891 |
||
| 700 |
_aვიკერსი, მ. _eრედაქტორი _96723 |
||
| 700 |
_aხალვაში, მ. _eრედაქტორი _96749 |
||
| 700 |
_aლომთათიძე, თ. და სხვ. _eრედაქტორი _917892 |
||
| 942 |
_2udc _cBK |
||